Welcome to WEB OPAC of MRSPTU Central Library

BeeKeeping : A Concise Guide (Record no. 10399)

MARC details
000 -LEADER
fixed length control field 00428nam a22001817a 4500
003 - CONTROL NUMBER IDENTIFIER
control field OSt
005 - DATE AND TIME OF LATEST TRANSACTION
control field 20241029112957.0
008 - FIXED-LENGTH DATA ELEMENTS--GENERAL INFORMATION
fixed length control field 241029b |||||||| |||| 00| 0 eng d
040 ## - CATALOGING SOURCE
Transcribing agency MRSPTU
041 ## - LANGUAGE CODE
Language code of text/sound track or separate title ENG
082 ## - DEWEY DECIMAL CLASSIFICATION NUMBER
Classification number 638.1
Item number AB-B
100 ## - MAIN ENTRY--PERSONAL NAME
Personal name Abrol , Dharam P.
245 ## - TITLE STATEMENT
Title BeeKeeping : A Concise Guide
260 ## - PUBLICATION, DISTRIBUTION, ETC.
Place of publication, distribution, etc. Jodhpur
Name of publisher, distributor, etc. Scientific Pub.
Date of publication, distribution, etc. 2023
300 ## - PHYSICAL DESCRIPTION
Extent 500
650 ## - SUBJECT ADDED ENTRY--TOPICAL TERM
Topical term or geographic name entry element Agriculture
942 ## - ADDED ENTRY ELEMENTS (KOHA)
Source of classification or shelving scheme Dewey Decimal Classification
Koha item type Book
Suppress in OPAC No
Holdings
Withdrawn status Lost status Source of classification or shelving scheme Damaged status Not for loan Home library Current library Date acquired Total checkouts Full call number Barcode Date last seen Price effective from Koha item type Date last checked out
    Dewey Decimal Classification     MRSPTU Central Library MRSPTU Central Library 10/29/2024   638.1 AB-A 41653 10/29/2024 10/29/2024 Book  
    Dewey Decimal Classification     MRSPTU Central Library MRSPTU Central Library 10/29/2024 1 638.1 AB-A 41654 02/23/2026 10/29/2024 Book 02/05/2026
    Dewey Decimal Classification     MRSPTU Central Library MRSPTU Central Library 10/29/2024 1 638.1 AB-A 41655 04/09/2025 10/29/2024 Book 02/17/2025
    Dewey Decimal Classification     MRSPTU Central Library MRSPTU Central Library 10/29/2024   638.1 AB-A 41656 06/09/2025 10/29/2024 Book  
    Dewey Decimal Classification     MRSPTU Central Library MRSPTU Central Library 10/29/2024 2 638.1 AB-A 41657 04/16/2025 10/29/2024 Book 03/03/2025

Website Designed and Developed by MRSPTU Central Library Team

E-mail Id: librarian@mrsptu.ac.in